000 00404nam a2200169Ia 4500
005 20241118054826.0
008 240331s9999 xx 000 0 und d
020 _a140003180X
082 _bMCC
_a823
100 _aMccallsmith, A
245 4 _aThe Kalahari Typing School for Men
260 _aNew York
_bAnchor Books
_c2004
300 _a191 p .,
650 _aWomen
650 _aFiction
942 _cL
999 _c5703
_d5703